000
00250 a2200097 4500
001
41812
100
_a
Rhodes H T F
245
_a
The International Year Book & Statesman's Who's Who
260
_a
London
_b
Burke Peerage Lit
_c
090
_c
25922
_d
25922
942
_a
NUST-CAE
_c
M
_c
17694
999
_c
276885
_d
276885